| 000 | 00539nam a22001817a 4500 | ||
|---|---|---|---|
| 003 | CEME | ||
| 005 | 20210628203057.0 | ||
| 008 | 210218b xxu||||| |||| 00| 0 eng d | ||
| 020 | _a0-521-80316-0 | ||
| 040 | _c. | ||
| 082 | _a531.14 GON | ||
| 100 |
_aGondhalekar, Prabhakar _963189 |
||
| 245 | _aThe grip of gravity, the quest to understand the laws of motion and gravitation | ||
| 260 |
_aNEW YORK _bCAMBRIDGE UNIVERSITY PRESS _c2001 |
||
| 300 | _aX,357P | ||
| 650 |
_aMOTION HISTORY; GRAVITATION HISTORY _963190 |
||
| 942 |
_cBK _2ddc |
||
| 999 |
_c572090 _d572090 |
||